000 00508nam a22001817a 4500
005 20130607115952.0
010 _aENG-107470
020 _a9789381904428
_c880.00
035 _aEN-91003
037 _bDBAD/PUB
100 _aSingh,J.V.
245 _aChina's aerospace strategy /
_c by J.V. Singh
260 _aNew Delhi
_bKW Publishers
_c2013
270 _a4676/21, First Floor, Ansari Road, Daryaganj
_bNew Delhi
_e110002
300 _a260p.
_c22cm(Hb)
500 _aIncludes index
942 _2ddc
_cEN
_mSIN
999 _c76511
_d76511